00948ngm a2200229 a 450000500170000000800410001708200210005811000300007924500630010925000190017230000630019150000880025465000480034265000610039065000560045165000500050726400380055733600270059533700330062233800280065504000350068320220317001247.0160825s9999 xx g 000 0 spa 04a781.63861 bF85c2 aFundación BAT. Colombia10aColombia en conciertocFundación BAThgrabación sonora a1a. edición  a2 discos compactos (60 minutos)bdigital, estereoc12 cm  aLos CD's suman un total de 35 canciones de diferentes fiestas populares colombianas142LEMBaMúsica colombianavDiscos compactos142LEMBaMúsica folclórica colombianavDiscos compactos142LEMBaMúsica popular colombianavDiscos compactos142LEMBaCanciones colombianasvDiscos compactos aBogotábFundación BATc[s.f.] atextobtxt2rdacontent asin mediaciónbn2rdamedia avolumenbnc2rdacarrier aCO-BoRNBPbspaerdacCO-BoRNBP